El rastro de la canela /

Guardado en:
Autor Principal: Bodoc, Liliana.
Formato: Libro
Idioma:Undetermined
Publicado: Buenos Aires : SM, 2018.
Edición:2da.
Series:Repetti, Cecilia
Gran Angular
Materias:
Etiquetas: Agregar Etiqueta
Sin Etiquetas, Sea el primero en etiquetar este registro!
LEADER 00973nam a22003015a 4500
001 CEM.cems018753
008 210623s2018####ag############000#0#und#d
005 20210818094022.0
003 CEMS
245 1 0 |a El rastro de la canela /  |c Liliana Bodoc. 
250 |a 2da. 
260 |a Buenos Aires :  |b SM,  |c 2018. 
300 |a 120 p. 
490 1 |a Gran Angular 
020 |a 9789877317831 
100 1 |a Bodoc, Liliana. 
800 1 |a Repetti, Cecilia 
830 0 |a Gran Angular 
650 7 |a Literatura 
650 7 |a Literatura argentina 
650 7 |a Novela 
650 7 |a Novela argentina 
650 7 |a Novela histórica 
859 |a CEMS  |b BIB. CEMS - 11 de abril  |h A863.4  |i B632-4a2  |p 29085.20 
859 |a CEMS  |b BIB. CEMS - 11 de abril  |h A863.4  |i B632-4a2  |p 29086.20 
859 |a CEMS  |b BIB. CEMS - 11 de abril  |h A863.4  |i B632-4a2  |p 29087.20 
859 |a CEMS  |b BIB. CEMS - 11 de abril  |h A863.4  |i B632-4a2  |p 29088.20 
859 |a CEMS  |b BIB. CEMS - 11 de abril  |h A863.4  |i B632-4a2  |p 29089.20